| Tag |
First Indicator |
Second Indicator |
Subfields |
| LEADER |
00000cam a22000008a 4500 |
| 001 |
in00000739521 |
| 005 |
20151016075552.0 |
| 008 |
871105s1987 nyua b 00110 eng |
| 010 |
|
|
|a 87032113
|
| 020 |
|
|
|a 0871541483 :
|c $37.50
|
| 035 |
|
|
|a (OCoLC)17104531
|
| 035 |
|
|
|9 ADG1780AM
|
| 040 |
|
|
|a DLC
|c DLC
|d TXA
|d UtOrBLW
|
| 043 |
|
|
|a n-us---
|
| 049 |
|
|
|a TXAM
|c [A11695938]
|
| 050 |
0 |
0 |
|a HQ536
|b .S88 1987
|
| 082 |
0 |
|
|a 306.8/5/0973
|2 19
|
| 100 |
1 |
|
|a Sweet, James A.
|
| 245 |
1 |
0 |
|a American families and households /
|c James A. Sweet and Larry L. Bumpass.
|
| 264 |
|
1 |
|a New York :
|b Russell Sage Foundation,
|c [1987]
|
| 264 |
|
4 |
|c ©1987
|
| 300 |
|
|
|a xxxii, 416 pages :
|b illustrations
|
| 336 |
|
|
|a text
|b txt
|2 rdacontent
|
| 337 |
|
|
|a unmediated
|b n
|2 rdamedia
|
| 338 |
|
|
|a volume
|b nc
|2 rdacarrier
|
| 490 |
1 |
|
|a The Population of the United States in the 1980s
|
| 500 |
|
|
|a "For the National Committee for Research on the 1980 Census."
|
| 504 |
|
|
|a Bibliography: pages 403-408.
|
| 500 |
|
|
|a Includes indexes.
|
| 650 |
|
0 |
|a Families
|z United States.
|
| 650 |
|
0 |
|a Marriage
|z United States.
|
| 650 |
|
0 |
|a Households
|z United States.
|
| 700 |
1 |
|
|a Bumpass, Larry L.
|
| 710 |
2 |
|
|a National Committee for Research on the 1980 Census.
|
| 830 |
|
0 |
|a Population of the United States in the 1980s.
|
| 999 |
|
|
|a MARS
|
| 999 |
f |
f |
|s af8ada43-cd2a-3abc-9f94-85e3f2bcc8cf
|i 87561477-ee0d-304e-af3c-cd1c706ee538
|t 0
|
| 952 |
f |
f |
|p ric
|a Texas A&M University
|b Rellis Campus
|c Joint Library Facility
|d Remote Storage
|t 0
|e HQ536 .S88 1987
|h Library of Congress classification
|i unmediated -- volume
|m A14811695938
|
| 998 |
f |
f |
|a HQ536 .S88 1987
|t 0
|l Remote Storage
|